| 000 | 00865cam a2200289 4500 | ||
|---|---|---|---|
| 001 | J84026 | ||
| 008 | 090401t1997 xxu||||| |||| 00| 0 eng d | ||
| 035 | _a(Sirsi) u78413 | ||
| 041 | _aeng | ||
| 050 | _a338.9 | ||
| 110 |
_aUnited Kingdom _bDepartment of the Environment _9982 |
||
| 245 | 4 | _aThe Private Finance Initiative and local authorities: an explanatory note. - Revised February 1997. | |
| 250 | _aRevised ed. | ||
| 260 |
_aLondon _bDepartment of the Environment _c1997 |
||
| 300 | _a93p. ; 21cm. | ||
| 350 | _a0 | ||
| 650 | _aDBFO | ||
| 650 | _aDESIGN BUILD FINANCE OPERATE | ||
| 650 | _aJOINT VENTURES | ||
| 650 | _aLOCAL AUTHORITIES | ||
| 650 | _aPFI | ||
| 650 | _aPRIVATE FINANCE INITIATIVE | ||
| 690 | _aPROPERTY-PROPERTY FINANCE AND INVESTMENT | ||
| 710 |
_aUnited Kingdom _bWelsh Office _91214 |
||
| 942 | _n0 | ||
| 948 | _c20/05/1997 | ||
| 999 |
_c96445 _d96445 |
||